000 00680nam a2200229Ia 4500
003 OSt
005 20220927105828.0
006 a|||||r|||| 00| 0
007 ta
008 220926b |||||||| |||| 00| 0 eng d
024 _a196949
037 _cReference Collections
040 _aRTL
_cRTL
_beng
041 _2eng
_aeng
082 _a"U481.281, M4/Th"
100 _aSINGH Surender
_9375376
245 0 _aSome aspects of house types and housing problem in rural Delhi
260 _a"Delhi,"
_b"University of Delhi, "
_c1984
300 _a"ix, 237p"
_ccm.
942 _h"U481.281, M4/Th"
_cCC
999 _c694928
_d694928